000 00259nam a2200109Ia 4500
008 190216s9999||||xx |||||||||||||| ||und||
100 _aSingh A P&Amp; Kumar Puskar
245 0 _aHindi-Ek Pagad Hattisi
260 _bSulabh Pub
650 _aHindi
942 _cBK
999 _c15552
_d15552